I am Eva! / (Record no. 3849)

MARC details
000 -LEADER
fixed length control field 01199cam a2200277 a 4500
005 - DATE AND TIME OF LATEST TRANSACTION
control field 20240516160500.0
020 ## - INTERNATIONAL STANDARD BOOK NUMBER
International Standard Book Number 9781416968139
040 ## - CATALOGING SOURCE
Original cataloging agency BTCTA
Transcribing agency BTCTA
Modifying agency BAKER
-- MLY
-- DMM
-- XY4
-- DLC
Language of cataloging eng
050 00 - LIBRARY OF CONGRESS CALL NUMBER
Classification number PZ7.W6845
Item number 2008
082 00 - DEWEY DECIMAL CLASSIFICATION NUMBER
Classification number 303
100 1# - MAIN ENTRY--PERSONAL NAME
Personal name Willson, Sarah
245 10 - TITLE STATEMENT
Title I am Eva! /
Statement of responsibility, etc. by Sarah Willson ; based on the screenplay by Chris McKenna.
250 ## - EDITION STATEMENT
Edition statement First Edition
260 ## - PUBLICATION, DISTRIBUTION, ETC.
Place of publication, distribution, etc. New York :
Name of publisher, distributor, etc. Simon Spotlight/Nickelodeon ;
Date of publication, distribution, etc. 2008
300 ## - PHYSICAL DESCRIPTION
Extent 31 pages :
Other physical details color illustrations ;
Dimensions 24 cm.
490 ## - SERIES STATEMENT
Series statement Ready- To- Read
Volume/sequential designation Leve 2
505 ## - FORMATTED CONTENTS NOTE
Formatted contents note H <br/>
520 ## - SUMMARY, ETC.
Summary, etc. Meet Eva: the giant, lovable creation of Igor, and the hottest new star in Malaria! Follow along as she tells her side of the story, from her rehearsal for a role in Annie, to her discovery of the truth about the audition, to how her dreams of becoming an actress finally came true. This full-color, Level 2 Ready-to-Read is sure to delight young Igor fans and aspiring stars alike!
521 1# - TARGET AUDIENCE NOTE
Target audience note 460 <br/>
Source Lexile estimate <br/>
521 1# - TARGET AUDIENCE NOTE
Target audience note H <br/>
Source Raz-Plus <br/>
650 ## - SUBJECT ADDED ENTRY--TOPICAL TERM
Topical term or geographic name entry element Eva
Form subdivision Fiction
700 1# - ADDED ENTRY--PERSONAL NAME
Personal name McKenna, Chris
906 ## - LOCAL DATA ELEMENT F, LDF (RLIN)
a 7
b cbc
c copycat
d 2
e ncip
f 20
g y-gencatlg
942 ## - ADDED ENTRY ELEMENTS (KOHA)
Source of classification or shelving scheme Dewey Decimal Classification
Koha item type Books
Suppress in OPAC No
999 ## -
-- 3849
-- 3849
Holdings
Withdrawn status Lost status Source of classification or shelving scheme Damaged status Not for loan Collection Home library Current library Shelving location Date acquired Total Checkouts Full call number Barcode Date last seen Price effective from Koha item type
    Dewey Decimal Classification     Juvenile Fiction Footprints International School Library Network Toul Kork Campus Footprints International School Library Network Toul Kork Campus   05/16/2024   WIL 303 PZ7.W6845 FIS03266 05/16/2024 05/16/2024 Books